书目信息 |
| 题名: |
黑着
|
|
| 作者: | Kwong , 邝 , 彼得·邝 著 ;王冰 译 | |
| 分册: | ||
| 出版信息: | 北京 世界知识出版社 2001 |
|
| 页数: | 12,252页 | |
| 开本: | 21cm | |
| 丛书名: | ||
| 单 册: | ||
| 中图分类: | D771.238 | |
| 科图分类: | ||
| 主题词: | CT--S032907--华人 , CT--S088115--移民问题 , 华人--移民问题--研究--美国 | |
| 电子资源: | ||
| ISBN: | 7-5012-1624-X | |
| 000 | 01223nam0 2200325 450 | |
| 001 | 012001090862 | |
| 005 | 20011122142045.5 | |
| 010 | @a7-5012-1624-X@dCNY16.80 | |
| 035 | @a(011001)c2001082461 | |
| 100 | @a20011109d2001 emky0chiy0110 ea | |
| 101 | 1 | @achi@ceng |
| 102 | @aCN@b110000 | |
| 105 | @aa z 000yy | |
| 200 | 1 | @a黑着@9hei zhe@e在美国的中国非法移民@f(美)彼得·邝(Peter Kwong)著@F(mei)bi de·kuang(Peter Kwong)zhu@g王冰等译@Gwang bing deng yi |
| 210 | @a北京@c世界知识出版社@d2001 | |
| 215 | @a12,252页@c照片@d21cm | |
| 330 | @a本书描绘了中国当代非法移民在美国的全景图,不仅记录了他们在美国落脚谋生的经历,而且涉及了在美国的各国非法移民必须面对的共同问题。 | |
| 510 | 1 | @aForbidden Workers@eIllegal Chinese Immigrants and American Labor@zeng |
| 517 | 1 | @a在美国的中国非法移民@9zai mei guo de zhong guo fei fa yi min |
| 606 | 0 | @2CT@3S032907@a华人 |
| 606 | 0 | @2CT@3S088115@a移民问题 |
| 606 | 0 | @a华人@x移民问题@x研究@y美国 |
| 690 | @aD771.238@v4 | |
| 701 | 1 | @aKwong@bPeter@4著 |
| 701 | 1 | @a邝@9kuang@bP.@4著 |
| 701 | 0 | @a彼得·邝@Abi de·kuang@bPeterKwong@4著 |
| 702 | 0 | @a王冰@Awang bing@4译 |
| 801 | 0 | @aCN@bNLC@c20011122 |
| 905 | @aBZT@dD771.238@e1 | |
| 906 | @dCNY16.80@n0@r1 | |
| 黑着:在美国的中国非法移民/(美)彼得·邝(Peter Kwong)著/王冰等译.-北京:世界知识出版社,2001 |
| 12,252页:照片;21cm |
| ISBN 7-5012-1624-X:CNY16.80 |
| 本书描绘了中国当代非法移民在美国的全景图,不仅记录了他们在美国落脚谋生的经历,而且涉及了在美国的各国非法移民必须面对的共同问题。 |
| ● |
| 相关链接 |
|
|
|
正题名:黑着
索取号:D771.238/1
 
预约/预借
| 序号 | 登录号 | 条形码 | 馆藏地/架位号 | 状态 | 备注 |
| 1 | 432831 | 210608877 | 中心书库南/012架A面7层2列/ [索取号:D771.238/1] | 在馆 | |
| 2 | 432832 | 210608886 | 中心书库南/012架A面7层2列/ [索取号:D771.238/1] | 在馆 | |
| 3 | 432833 | 210608868 | 中心书库南/012架A面7层2列/ [索取号:D771.238/1] | 在馆 | |
| 4 | 432834 | 210608840 | 中心书库南/012架A面7层2列/ [索取号:D771.238/1] | 在馆 | |
| 5 | 432835 | 210608859 | 中心书库南/012架A面7层2列/ [索取号:D771.238/1] | 在馆 | |
| 6 | 432836 | 210608822 | 中心书库南/012架A面7层2列/ [索取号:D771.238/1] | 在馆 | |
| 7 | 432837 | 210608831 | 中心书库南/012架A面7层2列/ [索取号:D771.238/1] | 在馆 | |
| 8 | 432838 | 210608813 | 中心书库南/012架A面7层2列/ [索取号:D771.238/1] | 在馆 | |
| 9 | 432839 | 210608797 | 中心书库南/012架A面7层2列/ [索取号:D771.238/1] | 在馆 | |
| 10 | 432840 | 210608804 | 中心书库南/012架A面7层2列/ [索取号:D771.238/1] | 在馆 |